Vegetation in civil and landscape engineering / (Record no. 4896)
[ view plain ]
| 000 -LEADER | |
|---|---|
| fixed length control field | 00360cam a2200145ua 4500 |
| 020 ## - INTERNATIONAL STANDARD BOOK NUMBER | |
| ISBN | 0 246 11507 6 |
| 082 ## - DEWEY DECIMAL CLASSIFICATION NUMBER | |
| Classification number | 624 |
| Item number | BAC/VE |
| 100 ## - MAIN ENTRY--AUTHOR NAME | |
| Personal name | Bache, D H . |
| 245 ## - TITLE STATEMENT | |
| Title | Vegetation in civil and landscape engineering / |
| 260 ## - PUBLICATION, DISTRIBUTION, ETC. (IMPRINT) | |
| Place of publication | London : |
| Name of publisher | GRANDAA , |
| Year of publication | 1984. |
| 300 ## - PHYSICAL DESCRIPTION | |
| Number of Pages | 318 ; . |
| 500 ## - GENERAL NOTE | |
| General note | ** Reference |
| 700 1# - ADDED ENTRY--PERSONAL NAME | |
| Personal name | Macascill, I A . |
| 942 ## - ADDED ENTRY ELEMENTS (KOHA) | |
| Koha item type | Books |
No items available.
